000 02747nam a22003855i 4500
001 978-981-16-8414-2
003 DE-He213
005 20250131131457.0
007 cr nn 008mamaa
008 211222s2022 si | s |||| 0|eng d
020 _a9789811684142
_9978-981-16-8414-2
024 7 _a10.1007/978-981-16-8414-2
_2doi
040 _aKO
_beng
041 0 _aeng
082 0 4 _a629.04
_223
245 1 0 _aPotential and Challenges of Low Carbon Fuels for Sustainable Transport
_h[electronic resource] /
_cedited by Avinash Kumar Agarwal, Hardikk Valera.
250 _a1st ed. 2022.
264 1 _aSingapore :
_bSpringer Nature Singapore :
_bImprint: Springer,
_c2022.
300 _aXIII, 345 p. 106 illus., 74 illus. in color.
_bonline resource.
338 _aonline resource
490 1 _aEnergy, Environment, and Sustainability,
_x2522-8374
505 0 _aIntroduction of Potential and Challenges of Low Carbon Fuels for Sustainable Transport -- Some of the Bio-fuels for Internal Combustion Engines: Alcohols and Biodiesel -- Production of Bioethanol from Microalgal Feedstock: A Circular Biorefinery Approach -- Fuel Delivery System for Alternative Fuel Engines - A Review -- Alcohols as Alternative Fuels for Transport -- Advances in the Use of Ethers and Alcohols as Additives for Improving Biofuel Properties for SI Engines -- Influence of Oxygenated Fuel and Additives in Biofuel Run Compression Ignition Engine -- Future Sustainable Transport Fuels for Indian Heavy-duty Vehicles -- Potential and Challenges of using Biodiesel in a Compression Ignition Engine -- Biodiesel and Renewable Diesel as a Drop-in Fuel for Decarbonized Maritime Transportation.
520 _aThis book focuses on low carbon fuels a preferable class of fuels for Internal Combustion Engines (ICEs) highlighting the effect of low carbon fuels on tailpipe emissions. This book aims to strengthen the knowledge base dealing with low carbon fuels as a sustainable transport fuel. The volume includes recent results and are focused on current trends of automotive sector. This book will be of interest to those in academia and industry involved in fuels, IC engines, engine instrumentation, and environmental research.
650 0 _aTransportation engineering.
650 0 _aTraffic engineering.
650 1 4 _aTransportation Technology and Traffic Engineering.
700 1 _aAgarwal, Avinash Kumar.
_eeditor.
_4edt
_4http://id.loc.gov/vocabulary/relators/edt
700 1 _aValera, Hardikk.
_eeditor.
_4edt
_4http://id.loc.gov/vocabulary/relators/edt
830 0 _aEnergy, Environment, and Sustainability,
_x2522-8374
856 4 0 _uhttps://doi.org/10.1007/978-981-16-8414-2
904 _aRUDRA_R
905 _aR_RANJAN
942 _2ddc
_cEB
999 _c3180
_d3180